Name every prefecture-level city in China - Statistics

General Stats
  • This quiz has been taken 53 times
  • The average score is 135 of 369
Answer Stats
Province Answer Chinese name Population Population (Built-up Area) % Correct
Beijing Municipality Beijing 北京 19,612,368 16,704,306
88%
Guangdong Guangzhou 广州
88%
Guangdong Shenzhen 深圳
85%
Chongqing Municipality Chongqing 重庆 28,846,170 6,263,790
82%
Heilongjiang Harbin 哈尔滨
82%
Hong Kong Special Administrative Region Hong Kong 香港 7,061,200 7,061,200
82%
Macau Special Administrative Region Macau 澳門(澳门) 552,503 552,503
82%
Tianjin Municipality Tianjin 天津 12,938,224 9,583,277
82%
Shanghai Municipality Shanghai 上海 23,019,148 20,217,748
79%
Shaanxi Xi'an 西安
79%
Sichuan Chengdu 成都
76%
Fujian Fuzhou 福州
76%
Jiangxi Fuzhou 抚州
76%
Jiangsu Nanjing 南京 8,003,744 5,827,888
76%
Hubei Wuhan 武汉
76%
Fujian Xiamen 厦门
76%
Yunnan Kunming 昆明
73%
Hunan Changsha 长沙
70%
Guangdong Dongguan 东莞
70%
Anhui Hefei 合肥
70%
Liaoning Shenyang 沈阳
70%
Zhejiang Hangzhou 杭州
67%
Zhejiang Ningbo 宁波
67%
Xinjiang Uygur Autonomous Region Urumqi 乌鲁木齐
67%
Liaoning Dalian 大连
64%
Guangdong Foshan 佛山
64%
Jiangxi Ji'an 吉安
64%
Jilin Jilin 吉林
64%
Shandong Qingdao 青岛
64%
Yunnan Dali Bai Autonomous Prefecture 大理白族自治州
61%
Xinjiang Uygur Autonomous Region Ili Kazakh Autonomous Prefecture 伊犁哈萨克自治州
61%
Shandong Jinan 济南
61%
Gansu Lanzhou 兰州
61%
Guangxi Zhuang Autonomous Region Nanning 南宁
61%
Hebei Shijiazhuang 石家庄
61%
Anhui Suzhou 宿州
61%
Jiangsu Suzhou 苏州 10,459,890 3,302,152
61%
Sichuan Ya'an 雅安
61%
Jilin Changchun 长春
58%
Hainan Haikou City 海口市
58%
Inner Mongolia Autonomous Region Hohhot 呼和浩特
58%
Tibet Autonomous Region Lhasa 拉萨
58%
Fujian Quanzhou 泉州
58%
Guangdong Shantou 汕头
58%
Guangdong Zhanjiang 湛江
58%
Henan Zhengzhou 郑州 8,627,089 3,677,032
58%
Guangdong Zhuhai 珠海
58%
Guangdong Huizhou 惠州
55%
Shanxi Taiyuan 太原
55%
Hebei Baoding 保定
52%
Jiangsu Changzhou 常州 4,592,431 2,257,376
52%
Hebei Chengde 承德
52%
Guizhou Guiyang 贵阳
52%
Shandong Linyi 临沂
52%
Guangdong Shanwei 汕尾
52%
Zhejiang Wenzhou 温州
52%
Anhui Wuhu 芜湖
52%
Jiangsu Wuxi 无锡 6,374,399 2,757,736
52%
Ningxia Hui Autonomous Region Yinchuan 银川
52%
Inner Mongolia Autonomous Region Baotou 包头
48%
Zhejiang Huzhou 湖州
48%
Henan Kaifeng 开封
48%
Jiangsu Lianyungang 连云港 4,393,482 897,393
48%
Anhui Ma'anshan 马鞍山
48%
Guangdong Maoming 茂名
48%
Jiangxi Nanchang 南昌
48%
Heilongjiang Qiqihar 齐齐哈尔
48%
Guangxi Zhuang Autonomous Region Wuzhou 梧州
48%
Jiangsu Xuzhou 徐州 8,577,225 1,735,166
48%
Guangdong Zhaoqing 肇庆
48%
Guangdong Zhongshan 中山
48%
Anhui Anqing 安庆
45%
Anhui Bengbu 蚌埠
45%
Guangdong Chaozhou 潮州
45%
Liaoning Dandong 丹东
45%
Anhui Huainan 淮南
45%
Guangdong Jiangmen 江门
45%
Zhejiang Jiaxing 嘉兴
45%
Anhui Lu'an 六安
45%
Henan Luoyang 洛阳 6,549,941 1,584,463
45%
Guangdong Meizhou 梅州
45%
Guangdong Qingyuan 清远
45%
Hebei Qinhuangdao 秦皇岛
45%
Hainan Sanya City 三亚市
45%
Zhejiang Shaoxing 绍兴
45%
Shandong Weihai 威海
45%
Hunan Xiangtan 湘潭
45%
Shandong Yantai 烟台
45%
Hunan Zhuzhou 株洲
45%
Henan Anyang 安阳 5,173,188 908,129
42%
Shaanxi Baoji 宝鸡
42%
Hunan Changde 常德
42%
Shanxi Datong 大同
42%
Jiangxi Ganzhou 赣州
42%
Anhui Huaibei 淮北
42%
Guangdong Jieyang 揭阳
42%
Hubei Jingzhou 荆州
42%
Sichuan Luzhou 泸州
42%
Jiangsu Nantong 南通 7,283,622 1,612,385
42%
Inner Mongolia Autonomous Region Ordos 鄂尔多斯
42%
Fujian Putian 莆田
42%
Shandong Rizhao 日照
42%
Guangdong Shaoguan 韶关
42%
Jiangsu Taizhou 泰州 4,618,937 676,877
42%
Zhejiang Taizhou 台州
42%
Hebei Tangshan 唐山
42%
Hebei Xingtai 邢台
42%
Qinghai Xining 西宁
42%
Shaanxi Yan'an 延安
42%
Jiangsu Yangzhou 扬州 4,460,066 1,077,531
42%
Guangdong Yunfu 云浮
42%
Hebei Zhangjiakou 张家口
42%
Shandong Zibo 淄博
42%
Guangxi Zhuang Autonomous Region Beihai 北海
39%
Anhui Bozhou 亳州
39%
Hunan Chenzhou 郴州
39%
Shandong Dezhou 德州
39%
Liaoning Fushun 抚顺
39%
Guangxi Zhuang Autonomous Region Guilin 桂林
39%
Qinghai Hainan Tibetan Autonomous Prefecture 海南藏族自治州
39%
Hebei Handan 邯郸
39%
Heilongjiang Hegang 鹤岗
39%
Jiangsu Huai'an 淮安 4,801,662 1,523,655
39%
Hubei Huanggang 黄冈
39%
Jiangxi Jingdezhen 景德镇
39%
Zhejiang Jinhua 金华
39%
Liaoning Jinzhou 锦州
39%
Guizhou Liupanshui 六盘水
39%
Guangxi Zhuang Autonomous Region Liuzhou 柳州
39%
Henan Nanyang 南阳 10,263,660 899,899
39%
Fujian Ningde 宁德
39%
Jiangxi Pingxiang 萍乡
39%
Zhejiang Quzhou 衢州
39%
Shandong Tai'an 泰安
39%
Gansu Tianshui 天水
39%
Shandong Weifang 潍坊
39%
Gansu Wuwei 武威
39%
Hubei Xiangyang 襄阳
39%
Henan Xinyang 信阳
39%
Jiangsu Yancheng 盐城 7,262,200 1,136,826
39%
Hubei Yichang 宜昌
39%
Guangxi Zhuang Autonomous Region Yulin 玉林
39%
Shaanxi Yulin 榆林
39%
Hunan Zhangjiajie 张家界
39%
Fujian Zhangzhou 漳州
39%
Zhejiang Zhoushan 舟山
39%
Sichuan Zigong 自贡
39%
Guizhou Zunyi 遵义
39%
Liaoning Anshan 鞍山
36%
Liaoning Chaoyang 朝阳
36%
Heilongjiang Daqing 大庆
36%
Hubei Enshi Tujia and Miao Autonomous Prefecture 恩施土家族苗族自治州
36%
Guangxi Zhuang Autonomous Region Fangchenggang 防城港
36%
Anhui Fuyang 阜阳
36%
Shaanxi Hanzhong 汉中
36%
Heilongjiang Heihe 黑河
36%
Anhui Huangshan 黄山
36%
Hubei Huangshi 黄石
36%
Henan Jiaozuo 焦作
36%
Gansu Jiuquan 酒泉
36%
Hebei Langfang 廊坊
36%
Sichuan Mianyang 绵阳
36%
Heilongjiang Mudanjiang 牡丹江
36%
Sichuan Nanchong 南充
36%
Fujian Nanping 南平
36%
Henan Pingdingshan 平顶山
36%
Jiangsu Suqian 宿迁 4,719,178 783,376
36%
Anhui Tongling 铜陵
36%
Shaanxi Xianyang 咸阳
36%
Henan Xinxiang 新乡 5,708,191 918,078
36%
Henan Xuchang 许昌
36%
Jilin Yanbian Korean Autonomous Prefecture 延边朝鲜族自治州
36%
Guangdong Yangjiang 阳江
36%
Sichuan Yibin 宜宾
36%
Liaoning Yingkou 营口
36%
Hunan Yueyang 岳阳
36%
Gansu Zhangye 张掖
36%
Guangxi Zhuang Autonomous Region Baise 百色
33%
Hebei Cangzhou 沧州
33%
Shanxi Changzhi 长治
33%
Anhui Chizhou 池州
33%
Sichuan Deyang 德阳
33%
Shandong Dongying 东营
33%
Hubei Ezhou 鄂州
33%
Gansu Gannan Tibetan Autonomous Prefecture 甘南藏族自治州
33%
Qinghai Haibei Tibetan Autonomous Prefecture 海北藏族自治州
33%
Qinghai Haixi Mongol and Tibetan Autonomous Prefecture 海西蒙古族藏族自治州
33%
Xinjiang Uygur Autonomous Region Hami 哈密
33%
Guangxi Zhuang Autonomous Region Hechi 河池
33%
Guangdong Heyuan 河源
33%
Liaoning Huludao 葫芦岛
33%
Gansu Jiayuguan 嘉峪关
33%
Shanxi Jinzhong 晋中
33%
Jiangxi Jiujiang 九江
33%
Sichuan Leshan 乐山
33%
Liaoning Liaoyang 辽阳
33%
Zhejiang Lishui 丽水
33%
Fujian Longyan 龙岩
33%
Sichuan Panzhihua 攀枝花
33%
Henan Sanmenxia 三门峡
33%
Shaanxi Shangluo 商洛
33%
Henan Shangqiu 商丘
33%
Hubei Shiyan 十堰
33%
Ningxia Hui Autonomous Region Shizuishan 石嘴山
33%
Jilin Siping 四平
33%
Inner Mongolia Autonomous Region Tongliao 通辽
33%
Inner Mongolia Autonomous Region Wuhai 乌海
33%
Henan Zhoukou 周口
33%
Henan Zhumadian 驻马店
33%
Jilin Baicheng 白城
30%
Hainan Baisha Li Autonomous County 白沙黎族自治县
30%
Gansu Baiyin 白银
30%
Liaoning Benxi 本溪
30%
Shandong Binzhou 滨州
30%
Inner Mongolia Autonomous Region Chifeng 赤峰
30%
Anhui Chuzhou 滁州
30%
Hainan Danzhou City 儋州市
30%
Sichuan Dazhou 达州
30%
Gansu Dingxi 定西
30%
Sichuan Guangyuan 广元
30%
Qinghai Haidong 海东
30%
Henan Hebi 鹤壁
30%
Hebei Hengshui 衡水
30%
Hunan Hengyang 衡阳
30%
Inner Mongolia Autonomous Region Hulunbuir 呼伦贝尔
30%
Heilongjiang Jiamusi 佳木斯
30%
Gansu Jinchang 金昌
30%
Shanxi Jincheng 晋城
30%
Hubei Jingmen 荆门
30%
Sichuan Liangshan Yi Autonomous Prefecture 凉山彝族自治州
30%
Yunnan Lijiang 丽江
30%
Henan Luohe 漯河
30%
Sichuan Meishan 眉山
30%
Sichuan Neijiang 内江
30%
Liaoning Panjin 盘锦
30%
Yunnan Pu'er 普洱
30%
Henan Puyang 濮阳
30%
Guizhou Qiandongnan Miao and Dong Autonomous Prefecture 黔东南苗族侗族自治州
30%
Guizhou Qianxinan Buyei and Miao Autonomous Prefecture 黔西南布依族苗族自治州
30%
Guangxi Zhuang Autonomous Region Qinzhou 钦州
30%
Yunnan Qujin 曲靖
30%
Fujian Sanming 三明
30%
Xinjiang Uygur Autonomous Region Shihezi City 石河子市
30%
Yunnan Wenshan Zhuang and Miao Autonomous Prefecture 文山壮族苗族自治州
30%
Shanxi Xinzhou 忻州
30%
Yunnan Xishuangbanna Dai Autonomous Prefecture 西双版纳傣族自治州
30%
Anhui Xuancheng 宣城
30%
Yunnan Yuxi 玉溪
30%
Shandong Zaozhuang 枣庄
30%
Jiangsu Zhenjiang 镇江 3,114,105 950,516
30%
Xinjiang Uygur Autonomous Region Altay Prefecture 阿勒泰地区
27%
Guizhou Anshun 安顺
27%
Jilin Baishan 白山
27%
Sichuan Bazhong 巴中
27%
Guangxi Zhuang Autonomous Region Chongzuo 崇左
27%
Sichuan Guang'an 广安
27%
Guangxi Zhuang Autonomous Region Guigang 贵港
27%
Ningxia Hui Autonomous Region Guyuan 固原
27%
Shandong Heze 菏泽
27%
Guangxi Zhuang Autonomous Region Hezhou 贺州
27%
Hunan Huaihua 怀化
27%
Shandong Jining 济宁
27%
Heilongjiang Jixi 鸡西
27%
Shandong Liaocheng 聊城
27%
Yunnan Lincang 临沧
27%
Gansu Linxia Hui Autonomous Prefecture 临夏回族自治州
27%
Gansu Longnan 陇南
27%
Hunan Loudi 娄底
27%
Shanxi Lüliang 吕梁
27%
Gansu Qingyang 庆阳
27%
Heilongjiang Qitaihe 七台河
27%
Jiangxi Shangrao 上饶
27%
Hunan Shaoyang 邵阳
27%
Heilongjiang Shuangyashan 双鸭山
27%
Shanxi Shuozhou 朔州
27%
Sichuan Suining 遂宁
27%
Hubei Suizhou 随州
27%
Liaoning Tieling 铁岭
27%
Xinjiang Uygur Autonomous Region Turpan 吐鲁番
27%
Hainan Wuzhishan City 五指山市
27%
Ningxia Hui Autonomous Region Wuzhong 吴忠
27%
Hubei Xiaogan 孝感
27%
Jiangxi Xinyu 新余
27%
Shanxi Yangquan 阳泉
27%
Heilongjiang Yichun 伊春
27%
Jiangxi Yichun 宜春
27%
Jiangxi Yingtan 鹰潭
27%
Hunan Yiyang 益阳
27%
Hunan Yongzhou 永州
27%
Qinghai Yushu Tibetan Autonomous Prefecture 玉树藏族自治州
27%
Yunnan Zhaotong 昭通
27%
Ningxia Hui Autonomous Region Zhongwei 中卫
27%
Inner Mongolia Autonomous Region Alxa League 阿拉善盟
24%
Shaanxi Ankang 安康
24%
Yunnan Baoshan 保山
24%
Guizhou Bijie 毕节
24%
Heilongjiang Daxing'anling Prefecture 大兴安岭
24%
Yunnan Dehong Dai and Jingpo Autonomous Prefecture 德宏傣族景颇族自治州
24%
Liaoning Fuxin 阜新
24%
Sichuan Garzê Tibetan Autonomous Prefecture 甘孜藏族自治州
24%
Yunnan Honghe Hani and Yi Autonomous Prefecture 红河哈尼族彝族自治州
24%
Xinjiang Uygur Autonomous Region Kashgar Prefecture 喀什地区
24%
Guangxi Zhuang Autonomous Region Laibin 来宾
24%
Jilin Liaoyuan 辽源
24%
Shanxi Linfen 临汾
24%
Sichuan Ngawa Tibetan and Qiang Autonomous Prefecture 阿坝藏族羌族自治州
24%
Yunnan Nujiang Lisu Autonomous Prefecture 怒江傈僳族自治州
24%
Gansu Pingliang 平凉
24%
Guizhou Qiannan Buyei and Miao Autonomous Prefecture 黔南布依族苗族自治州
24%
Hubei Shennongjia Forestry District 神农架林区
24%
Hubei Tianmen City 天门市
24%
Xinjiang Uygur Autonomous Region Tiemenguan City 铁门关市
24%
Shaanxi Tongchuan 铜川
24%
Guizhou Tongren 铜仁
24%
Shaanxi Weinan 渭南
24%
Hubei Xianning 咸宁
24%
Hubei Xiantao City 仙桃市
24%
Shanxi Yuncheng 运城
24%
Inner Mongolia Autonomous Region Bayannur 巴彦淖尔市
21%
Yunnan Chuxiong Yi Autonomous Prefecture 楚雄彝族自治州
21%
Inner Mongolia Autonomous Region Hinggan League 兴安盟
21%
Xinjiang Uygur Autonomous Region Karamay 克拉玛依
21%
Hainan Sansha City 三沙市
21%
Tibet Autonomous Region Shannan (Lhoka) 山南
21%
Jilin Songyuan 松原
21%
Jilin Tonghua 通化
21%
Inner Mongolia Autonomous Region Ulanqab 乌兰察布
21%
Hainan Wenchang City 文昌市
21%
Xinjiang Uygur Autonomous Region Wujiaqu City 五家渠市
21%
Sichuan Ziyang 资阳
21%
Yunnan Diqing Tibetan Autonomous Prefecture 迪庆藏族自治州
18%
Hainan Dongfang City 东方市
18%
Qinghai Golog Tibetan Autonomous Prefecture 果洛藏族自治州
18%
Xinjiang Uygur Autonomous Region Hotan Prefecture 和田地区
18%
Tibet Autonomous Region Nagqu 那曲
18%
Tibet Autonomous Region Nyingchi 林芝市
18%
Tibet Autonomous Region Qamdo 昌都市
18%
Hainan Qionghai City 琼海市
18%
Hainan Qiongzhong Li and Miao Autonomous County 琼中黎族苗族自治县
18%
Hainan Wanning City 万宁市
18%
Inner Mongolia Autonomous Region Xilingol League 锡林郭勒盟
18%
Hainan Chengmai County 澄迈县
15%
Qinghai Huangnan Tibetan Autonomous Prefecture 黄南藏族自治州
15%
Xinjiang Uygur Autonomous Region Huyanghe City 胡杨河市
15%
Xinjiang Uygur Autonomous Region Kizilsu Kyrgyz Autonomous Prefecture 克孜勒苏柯尔克孜自治州
15%
Xinjiang Uygur Autonomous Region Kunyu City 昆玉市
15%
Hubei Qianjiang City 潜江市
15%
Xinjiang Uygur Autonomous Region Shuanghe City 双河市
15%
Tibet Autonomous Region Xigazê 日喀则
15%
Xinjiang Uygur Autonomous Region Aral City 阿拉尔市
12%
Xinjiang Uygur Autonomous Region Beitun City 北屯市
12%
Hainan Changjiang Li Autonomous County 昌江黎族自治县
12%
Hainan Ding'an County 定安县
12%
Xinjiang Uygur Autonomous Region Tacheng Prefecture 塔城地区
12%
Xinjiang Uygur Autonomous Region Tumxuk City 图木舒克市
12%
Hainan Tunchang County 屯昌县
12%
Xinjiang Uygur Autonomous Region Aksu Prefecture 阿克苏地区
9%
Hainan Baoting Li and Miao Autonomous County 保亭黎族苗族自治县
9%
Xinjiang Uygur Autonomous Region Kokdala City 可克达拉市
9%
Hainan Ledong Li Autonomous County 乐东黎族自治县
9%
Hainan Lingao County 临高县
9%
Hainan Lingshui Li Autonomous County 陵水黎族自治县
9%
Tibet Autonomous Region Ngari Prefecture 阿里地区
9%
Hunan Xiangxi Autonomous Prefecture 湘西土家族苗族自治州
9%
Xinjiang Uygur Autonomous Region Bayingolin Mongol Autonomous Prefecture 巴音郭楞蒙古族自治州
6%
Xinjiang Uygur Autonomous Region Bortala Mongol Autonomous Prefecture 博尔塔拉蒙古族自治州
6%
Xinjiang Uygur Autonomous Region Changji Hui Autonomous Prefecture 昌吉回族自治州
6%
Henan Jiyuan City 济源市
6%
Xinjiang Uygur Autonomous Region Xinjiang Production and Construction Corps 新疆生产建设兵团
3%
No matching quizzes found
Score Distribution
Percent of People with Each Score
Percentile by Number Answered
Your Score History
You have not taken this quiz